000 00332nam a22001333 4500
001 206105
005 20240827152514.0
090 _a206105
100 _a20240827 ukry50
101 _aukr
102 _aUA
200 _a
_i2024
801 _2unimarc
_aUA
_gpsbo
942 _cNEWSPAPER